Successful : Use of English for first Certificate with key
Αποθηκεύτηκε σε:
| Κύριος συγγραφέας: | |
|---|---|
| Μορφή: | Βιβλίο |
| Γλώσσα: | English |
| Δημοσίευση: |
Oxford :
Oxford University Press,
1990
|
| Θέματα: | |
| Ετικέτες: |
Προσθήκη ετικέτας
Δεν υπάρχουν, Καταχωρήστε ετικέτα πρώτοι!
|
MARC
| LEADER | 00000nam a2200000 i 4500 | ||
|---|---|---|---|
| 001 | 1/20915 | ||
| 008 | 930901s1990 eng d | ||
| 020 | |a 0-19-453259-3 | ||
| 035 | |l 10021631 | ||
| 040 | |a GR-MY-UA |b gre |e aacr | ||
| 041 | 0 | |a eng | |
| 082 | 0 | |a 428.24 | |
| 100 | 1 | |a Spratt, Mary. | |
| 245 | 1 | 0 | |a Successful : |b Use of English for first Certificate with key / |c Marry Spratt |
| 260 | |a Oxford : |b Oxford University Press, |c 1990 | ||
| 300 | |c 24cm | ||
| 650 | 0 | 0 | |a English language |x Study and teaching |x Foreign speakers. |
| 852 | |a INST |b CHIOS |e 19930901 |h 428.24 SPR |p 005200002045 |q 005200002045 |t BK |y 0 | ||
| 909 | |a Χ |b 024057 | ||